| 000 | 00779nam a2200217Ii 4500 | ||
|---|---|---|---|
| 003 | JO-AjNU | ||
| 008 | 230605s9999||||xx |||||||||||||| ||und|| | ||
| 020 | _a9953-36-108-8 | ||
| 040 |
_aJO-AjNU _bara _erda _cJO-AjNU |
||
| 041 | _aara | ||
| 050 | 1 | 4 | _aPJ7750.M8.Z87 2003 |
| 100 | 3 |
_aالشيراوي، يوسف, _eauthor _919184 |
|
| 245 | 0 | 0 | _aأطلس المتنبي: أسفاره من شعره وحياته |
| 250 | _aط1 | ||
| 264 | 3 | 1 | _aبيروت: المؤسسة العربية للدراسات والنشر، 2003 |
| 300 |
_a160ص _bيشتمل على فهارس من ص 140-158 |
||
| 336 |
_atext _btxt _2rdacontent |
||
| 337 |
_aunmediated _bn _2rdamedia |
||
| 338 |
_avolume _bnc _2rdacarrier |
||
| 650 | 4 |
_aالادب العربي - المتنبي - تراجم _919185 |
|
| 999 |
_aA6277 _c9845 _d9845 |
||